The Beatles... or Radiohead? - Statistics

General Stats
  • This quiz has been taken 627 times
    554 since last reset
  • The average score is 12 of 20
Answer Stats
Question Answer % Correct
Want "no alarms and no surprises" Radiohead
95%
Their last concert took place on the roof of their recording studio The Beatles
90%
Formed in England Both
88%
Had more #1 hits on the Billboard Hot 100 The Beatles
88%
Were part of the British Invasion The Beatles
79%
Used to be called "On a Friday" Radiohead
78%
Had a member named John, Jon, or Jonny Both
74%
Started their career playing in a club in Hamburg, Germany The Beatles
71%
Some of their members appeared in the band "The Weird Sisters" in a Harry Potter movie Radiohead
66%
Split up The Beatles
66%
Released an album the day an American president was assassinated The Beatles
66%
Recorded songs in another language The Beatles
65%
Released new music in the 21st century Both
57%
Toured in South America Radiohead
44%
Had, at one point, 5 members Both
35%
Released a song titled "Scrambled Eggs" Neither
34%
Produced an animated music video in the 20th century Both
33%
Won a Grammy Award for Best Album Cover Both
25%
Released a track titled "I Will" Both
19%
Signed their first albums with the Parlophone label, a part of EMI Records Both
15%
No matching quizzes found
Score Distribution
Percent of People with Each Score
Percentile by Number Answered
Your Score History
You have not taken this quiz since the last reset